बंद घर के किवाड़ / (Record no. 117085)

MARC details
000 -LEADER
fixed length control field 01430nam a22002777a 4500
005 - DATE AND TIME OF LATEST TRANSACTION
control field 20170124103049.0
010 ## - LIBRARY OF CONGRESS CONTROL NUMBER
LC control number A-920814
020 ## - INTERNATIONAL STANDARD BOOK NUMBER
Terms of availability 120.00
International Standard Book Number 8121406935
035 ## - SYSTEM CONTROL NUMBER
System control number A-920814
037 ## - SOURCE OF ACQUISITION
Source of stock number/acquisition Cen Lib/Ret
040 ## - CATALOGING SOURCE
Original cataloging agency DPL
Language of cataloging HN
082 ## - DEWEY DECIMAL CLASSIFICATION NUMBER
Classification number
Item number महापा
100 ## - MAIN ENTRY--PERSONAL NAME
Personal name महापात्र, मनोरमा
9 (RLIN) 69986
245 ## - TITLE STATEMENT
Title बंद घर के किवाड़ /
Statement of responsibility, etc मनोरमा महापात्र ; अनुवादक शंकरलाल पुरोहित [एवं] अजय कुमार पटनायक
246 ## - VARYING FORM OF TITLE
Title proper/short title Band ghar ke kivad /
Remainder of title by Manorama Mahapatra ; anuvadak Shankarlal Purohit [evam] Ajay Kumar Patnayak
260 ## - PUBLICATION, DISTRIBUTION, ETC. (IMPRINT)
Place of publication, distribution, etc नयी दिल्ली
Name of publisher, distributor, etc नेशनल पब्लिशिंग हाउस
Date of publication, distribution, etc 1998
270 ## - ADDRESS
City नयी दिल्ली
Address 2/35 अनासरी रोड, दरयागंज
Postal code 110002
300 ## - PHYSICAL DESCRIPTION
Extent xi,130पृ.
Dimensions 19सेमी (सजिल्द )
650 ## - SUBJECT ADDED ENTRY--TOPICAL TERM
Topical term or geographic name as entry element बांग्ला साहित्य
General subdivision
Geographic subdivision
9 (RLIN) 45844
650 ## - SUBJECT ADDED ENTRY--TOPICAL TERM
Topical term or geographic name as entry element बांग्ला साहित्य
Form subdivision
General subdivision कहानियां
9 (RLIN) 69987
650 ## - SUBJECT ADDED ENTRY--TOPICAL TERM
Topical term or geographic name as entry element Bangla literature
9 (RLIN) 69988
650 ## - SUBJECT ADDED ENTRY--TOPICAL TERM
Topical term or geographic name as entry element Bangla literature
General subdivision stories
9 (RLIN) 69989
700 ## - ADDED ENTRY--PERSONAL NAME
Personal name पुरोहित, शंकरलाल
9 (RLIN) 42466
700 ## - ADDED ENTRY--PERSONAL NAME
Personal name पटनायक, अजय कुमार
9 (RLIN) 46872
942 ## - ADDED ENTRY ELEMENTS (KOHA)
Source of classification or shelving scheme Dewey Decimal Classification
Koha item type Hindi Books
Classification part
Call number suffix महापा
Holdings
Withdrawn status Lost status Damaged status Not for loan Home library Current library Date acquired Source of acquisition Cost, normal purchase price Total Checkouts Full call number Barcode Date last seen Copy number Cost, replacement price Price effective from Koha item type Public note
Written off       Central Library Central Library 26/08/2015 Cen Lib/Ref 120.00   क महापा A-920814 26/08/2015 1 120.00 26/08/2015 Hindi Books Written off on approval by DLB (By Circulation); dtd 20.12.2022

© Delhi Public Library
Hit Counter
free hit counter